Countries Of Africa In Alphabetical Order With A Map - Statistics

General Stats
  • This quiz has been taken 102 times
  • The average score is 41 of 54
Answers on the Map
Answers color-coded by a green-red scale on the quiz's map according to % correct below.
 
Answer Stats
Country % Correct
Algeria
100%
Angola
98%
Benin
94%
Botswana
89%
Burkina Faso
89%
Burundi
89%
Cameroon
86%
Cape Verde
86%
Central African Republic
86%
Chad
86%
Comoros
86%
Djibouti
85%
Egypt
85%
Equatorial Guinea
82%
D. R. Congo
80%
Eritrea
80%
Eswatini
80%
Ethiopia
80%
Gabon
77%
Ghana
76%
Guinea
74%
Guinea-Bissau
74%
Kenya
74%
Madagascar
74%
Mali
74%
Mauritania
74%
Gambia
73%
Lesotho
73%
Libya
73%
Morocco
73%
Niger
73%
Nigeria
73%
Malawi
71%
Mauritius
71%
Mozambique
71%
Namibia
71%
Zambia
71%
Zimbabwe
71%
Liberia
70%
Rwanda
70%
Senegal
70%
Ivory Coast
68%
Uganda
68%
Rep. of the Congo
67%
Somalia
67%
São Tomé and Príncipe
65%
South Sudan
65%
Sierra Leone
64%
South Africa
64%
Sudan
64%
Tanzania
64%
Togo
64%
Tunisia
64%
Seychelles
62%
No matching quizzes found
Score Distribution
Percent of People with Each Score
Percentile by Number Answered
Your Score History
You have not taken this quiz